Máscaras de Encantar e Fantasias Originais (Registo nº 79)

Detalhes MARC
000 -Etiqueta do registo
Cabeçalho 00650nam0a22002771 4500
005 - Identificador da versão
Campo de controlo 20240813121754.0
010 ## - Número internacional normalizado dos livros (ISBN)
Número (ISBN) 9722613278
021 ## - Número do Depósito Legal
Código do país PT
035 ## - Other System Control Numbers
System Control Number 0000083
System Control Number 0000083
System Control Number 0000083
System Control Number 0000083
100 ## - Dados gerais de processamento
Dados gerais de processamento 20041103d a e0pory5003 ba
102 ## - Pais de publicação ou produção
País de publicação Portugal
101 1# - Língua de publicação
Língua do texto, banda sonora, etc. Português
Língua do documento no original Inglês
106 ## - Campo de dados codificados: material textual
Dados codificados do material textual r
105 ## - Campo de dados codificados: livros
Dados codificados dos livros y z 001yy
215 ## - Descrição física 
Indicação específica da natureza do documento e extensão da espécie p.48
Dimensões cm
200 1# - Titulo e menção de responsabilidade
Título próprio Máscaras de Encantar e Fantasias Originais
Primeira menção de responsabilidade Angela Wilkes
210 ## - Publicação, Distribuição, etc. 
Lugar da edição, distribuição, etc. Porto
Nome do editor, distribuidor, etc. Civilização
Data da publicação, distribuição, etc. 1996
700 #1 - Nome de autor-pessoa física (responsabilidade principal)
Número de registo de entrada de autoridade 0001965
Palavra de ordem Wilkes
Outra parte do nome não tomada para palavra de ordem Angela
966 ## - Identificação da Biblioteca
Sigla NUMETECA
942 ## - Elementos de entrada adicionados (Koha)
Tipo de item no Koha Livro
Exemplares
Situação do levantamento Origin of item (home branch) (coded) Biblioteca de empréstimo Código de barras Cota Circulation type (not for loan) Tipo de documento Nota do exemplar Damaged status
  Biblioteca Escolar Eng. Nuno Mergulhão Biblioteca Escolar Eng. Nuno Mergulhão BENM558 7TMA WIL   Livro Sem mensagem